| 000 | 01118nam a2200241Ia 4500 | ||
|---|---|---|---|
| 003 | Ost | ||
| 005 | 20260507075531.0 | ||
| 008 | 260507s9999||||xx |||||||||||||| ||und|| | ||
| 020 | _a9774085191 | ||
| 040 | _cfsecg | ||
| 041 | _aara | ||
| 082 | _a332.4204;658.8 | ||
| 100 |
_aكويل، برايان _eمؤلف |
||
| 245 | 0 |
_aالتمويل المالي للاسهم / _c برايان كويل |
|
| 260 |
_aالقاهرة: _bدار الفاروق للاستثمارات الثقافية, _c2007 |
||
| 300 |
_a168 صفحة؛ _bإيضاحات ؛ _c24 سم |
||
| 520 | _aيضم سمات الأسهم، عوائد الأسهم، قيم الأسهم، أسواق الأسهم بما فيها الأسهم الأمريكية والأسهم البريطانية، أسواق الأسهم الأخرى، مؤشرات سوق الأوراق المالية، عقود الخيار والعقود المستقبيلية للأسهم | ||
| 653 | _aالأسهم | ||
| 653 | _aالتمويل | ||
| 653 | _aالضمانات المالية | ||
| 700 |
_aالعامري، خالد _eمؤلف ثانوي |
||
| 942 | _cكتاب | ||
| 999 |
_c44823 _d44823 |
||